000 00609 a2200085 4500
999 _c21125
_d21125
003 WA 310
005 20220405092629.0
008 220405s2005 pl |||||s|||| 00| 0 pol d
020 _a8324366105
040 _aWA 310
_cWA 310
041 _apol
_heng
245 0 0 _aNaziemne stacje i systemy satelitarne (SES) - Zharmonizowana EN dotycząca satelitarnych interaktywnych stacji końcowych (SIT) i satelitarnych stacji końcowych użytkowników (SUT), nadających sygnały w kierunku satelitów na orbicie geostacjonarnej w zakresie częstotliwości od 29,5 GHz do 30,0 GHz, spełniających zasadnicze wymagania artykułu 3.2 dyrektywy R&TTE =
_bSatellite Earth Stations and Systems (SES) - Harmonized EN for Satellite Interactive Terminals (SIT) and Satellite User Terminals (SUT) transmitting towards satellites in geostationary orbit in the 29,5 to 30,0 GHz frequency bands covering essential requiremenets under article 3.2 of the R&TTE Directive PN-ETSI EN 301 459 V1.2.1:2005P /
_cKT nr 11.
246 1 3 _aPN-ETSI EN 301 459 V1.2.1
246 1 3 _aICS 33.060.30
246 1 3 _aPolska Norma
260 _aWarszawa :
_bPKN,
_c2005.
300 _a1 dysk optyczny (CD-ROM) ;
_c12 cm.
336 _2rdacontent
_aTekst
_btxt
337 _aKomputer
_bc
_2rdamedia
338 _aDokument online
_bcr
_2rdacarrier
500 _aTytuł z pierwszego ekranu.
500 _aWprowadza ETSI EN 301 459 V1.2.1:2000, IDT ; Zastępuje PN-ETSI EN 301 459 V1.2.1:2003 (U) ; Zatwierdzona 22 kwietnia 2005 r.
500 _aNorma Europejska ETSI EN 301 459 V1.2.1:2000 ma status Polskiej Normy.
504 _aBibliografia na stronie 47.
538 _aWymagania systemowe: Zaleca się używanie do przeglądania normy Acrobat Readera w wersji 5.0 lub nowszej.
590 _6Status: wycofana.
710 _91107
_aPolska.
_bPolski Komitet Normalizacyjny.
_eInstytucja sprawcza
_eWydawca
920 _a83-243-6610-5
942 _2ddc
_cBK